000
00358nam a2200133Ia 4500
008
100328s9999 xx 000 0 und d
082
_b
21780
100
_a
नंागरे बलराम
245
_a
फुलवंती
260
_b
ग.रा.पाठक
630
_a
फुलवंती
730
_a
फुलवंती
942
_c
BOOK
999
_c
515762
_d
515759